000 01874nam a22003017a 4500
999 _c852
_d852
003 AR-CdUCM
008 190223b ||||| |||| 00| 0 spa d
040 _aMUNICIPALIDAD PROVINCIAL DEL CUSCO
_cBIBLIOTECA MUNICIPAL DEL CUSCO
082 _a985.015/O66
_bO66
100 _aOricain, Pablo José
_930371
245 _aCompendio breve de discursos varios sobre diferentes materias, y noticias geográficas, comprensivas, a este obispado del Cuzco, que claman remedios espirituales /
_cformado por Pablo José Oricain, geografo de esta intendencia [...].
260 _aLima :
_bMinisterio de Relaciones Exteriores del Perú,
_c2004.
300 _a85 paginas :
_bmapas (facsimilares) ;
_c24 cm.
500 _aLa presente transcripción ha sido actualizada por Mónica García Robles y corresponde a una copia manuscrita del siglo XX. Integra el compendio escrito por Oricain en 1790 junto a 12 mapas que el autor trazase hacia 1801.
_zIncluye índice topinímico.
505 _aContenido: Relación de mapas, la provincia del Cuzco o parte citerior de su Obispado -- El partido de Abancay -- El partido de Urubamba -- La provincia de Calca y Lares -- El partido de Paucartambo -- El partido de Quispicanchi -- El partido de Tinta -- El partido de Chumbivilcas -- El partido de Paruro -- El partido de Cotabambas -- El partido de Aymaraes -- Los partidos del Collao o parte ulterior del Obispado del Cuzco.
650 _aIglesia Católica
_93151
650 _aObispado del Cusco
_93256
650 _aHistoria del Cusco
_91714
650 _aGeografía del Cusco
_93257
650 _aIntendencia del Cusco
_93258
650 _aSiglo XVIII
_9837
650 _aCusco Perú
_93259
700 _aGarcía Robles, Mónica.
_93260
700 _aOricain, Pablo José. (compilador)
_93261
710 _aMinisterio de Relaciones Exteriores
_93262
942 _2ddc
_cLIBROS
945 _arac